000 00332nam a2200121Ia 4500
008 180117s9999 xx 000 0 und d
100 _aby Finnette CAstaneda
245 _aHappy Christmas Wherever You Are
260 _c2016
300 _a22-24 pages, 2016 December 25
440 _aPhilippine Panorama
650 _aHAPPY CHRISTMAS
999 _c353478
_d353478